000 00555nam a22001817a 4500
003 OSt
005 20160322134015.0
008 160318b xxu||||| |||| 00| 0 eng d
020 _a0819522570
040 _aKABU
_cKABU
050 _aML3845
_b.S63 1998
100 _aSmall, Christopher
245 _aMusicking
_bthe meanings of performing and listening
_cChristopher Small
260 _aEngland
_bWesleyan university press
_c1998
300 _a230p.
650 _aMusic
_xperforming and listening
942 _2lcc
_cBK
_hML3845
_i.S63 1998
999 _c15891
_d15891